[Event "ICS Rated blitz match"]
[Site "204.178.125.65"]
[Date "1999.07.27"]
[Round "?"]
[White "CM5500"]
[Black "Hossa"]
[Result "1/2-1/2"]
[WhiteElo "2362"]
[BlackElo "2459"]
[PlyCount "116"]
[EventDate "1999.??.??"]

1. d4 d5 2. c4 e6 3. Nc3 Nf6 4. Nf3 c6 5. e3 Bd6 6. Bd3 O-O 7. O-O b6 8. e4
Nxe4 9. Nxe4 dxe4 10. Bxe4 Qc7 11. Re1 Nd7 12. Bc2 Nf6 13. Bg5 Ng4 14. h3 h6
15. Qd3 f5 16. hxg4 hxg5 17. gxf5 exf5 18. c5 bxc5 19. Nxg5 g6 20. dxc5 Be7 21.
Qe3 Bf6 22. Rad1 Qa5 23. Ne6 Bxe6 24. Qxe6+ Kh8 25. Re3 Rad8 26. Rxd8 Qxd8 27.
Qxc6 Qd2 28. Qc7 Bh4 29. Qf4 Qc1+ 30. Kh2 Qxc2 31. Qxh4+ Kg8 32. Re7 Rf7 33.
Re8+ Rf8 34. Rxf8+ Kxf8 35. Qf6+ Ke8 36. Qxg6+ Ke7 37. Qg7+ Ke6 38. Qxa7 Qxf2
39. Qa6+ Kd5 40. Qd6+ Ke4 41. Qe6+ Kd4 42. Qd7+ Kc4 43. b3+ Kc3 44. Qg7+ Kb4
45. Qb7+ Ka3 46. Qa6+ Kb2 47. c6 Qf4+ 48. Kg1 Qd4+ 49. Kf1 Qf4+ 50. Ke2 Qe4+
51. Kf2 Qf4+ 52. Kg1 Qd4+ 53. Kf1 Qf4+ 54. Ke1 Qb4+ 55. Kd1 Qd4+ 56. Ke2 Qe4+
57. Kd2 Qf4+ 58. Ke2 58... Qe4+ {Game drawn by repetition} 1/2-1/2

[Event "ICS rated blitz match"]
[Site "204.178.125.65"]
[Date "1999.07.27"]
[Round "?"]
[White "TDChess"]
[Black "Hossa"]
[Result "1-0"]
[WhiteElo "2532"]
[BlackElo "2458"]
[PlyCount "141"]
[EventDate "1999.??.??"]

1. e4 Nf6 2. e5 Nd5 3. Nf3 d6 4. d4 Bg4 5. Be2 Nc6 6. O-O dxe5 7. dxe5 f6 8.
exf6 exf6 9. Nd4 Nxd4 10. Bxg4 Nb4 11. Na3 Ndc6 12. Bh5+ g6 13. Bf3 Qxd1 14.
Rxd1 Rd8 15. Rxd8+ Nxd8 16. Be3 a6 17. Re1 b5 18. Bc5+ Kf7 19. Bxf8 Rxf8 20.
Rd1 c6 21. c3 Nxa2 22. Ra1 b4 23. Nc4 Nxc3 24. bxc3 bxc3 25. Rxa6 c2 26. Ra7+
Nb7 27. Ra1 Ra8 28. Rc1 Nc5 29. h4 Nb3 30. Rxc2 Nd4 31. Rc3 Ra4 32. Bd1 Ra1 33.
Rd3 c5 34. Kh2 Ke6 35. Na3 Ke5 36. h5 Ke4 37. Re3+ Kd5 38. hxg6 hxg6 39. Ba4 g5
40. Be8 f5 41. Bf7+ Kc6 42. Nc4 Rf1 43. f3 g4 44. Re7 Rb1 45. fxg4 fxg4 46. Re5
Rb8 47. Kg3 Kb5 48. Kxg4 Rf8 49. Re7 Kb4 50. Nd6 Nc6 51. Rb7+ Kc3 52. Ne4+ Kd4
53. Kf4 Ne5 54. Ng5 Rc8 55. Ne6+ Kd5 56. Nc7+ Kc6 57. Bd5+ Kd6 58. Ke4 Nd7 59.
Nb5+ Ke7 60. g4 Rb8 61. Rxb8 Nxb8 62. g5 Na6 63. Kf5 Nb4 64. Be6 Nc2 65. g6
Ne3+ 66. Ke5 c4 67. g7 Nd5 68. g8=Q Nf6 69. Qf7+ Kd8 70. Qxf6+ Ke8 71. Nd6# {
Hossa checkmated} 1-0

[Event "ICS rated blitz match"]
[Site "204.178.125.65"]
[Date "1999.07.27"]
[Round "?"]
[White "Hossa"]
[Black "Zenith"]
[Result "0-1"]
[WhiteElo "2445"]
[BlackElo "2803"]
[PlyCount "58"]
[EventDate "1999.??.??"]

1. d4 Nf6 2. c4 e6 3. Nc3 Bb4 4. Bg5 h6 5. Bh4 c5 6. d5 Bxc3+ 7. bxc3 d6 8. f3
Qe7 9. e4 Nbd7 10. Be2 Ne5 11. Qa4+ Bd7 12. Qb3 b6 13. O-O-O O-O 14. Rf1 Ng6
15. Bf2 Nf4 16. g3 Nxe2+ 17. Nxe2 Rfb8 18. g4 b5 19. Bh4 bxc4 20. Qd1 Rb6 21.
Bxf6 Qxf6 22. h4 Rab8 23. Qc2 exd5 24. exd5 Ba4 25. g5 Qe5 26. Qe4 Rb2 27. gxh6
Qxe4 28. h7+ Qxh7 29. Nd4 29... Qb1# {Hossa checkmated} 0-1

[Event "ICS Rated blitz match"]
[Site "204.178.125.65"]
[Date "1999.07.27"]
[Round "?"]
[White "Zenith"]
[Black "Hossa"]
[Result "1-0"]
[WhiteElo "2807"]
[BlackElo "2441"]
[PlyCount "93"]
[EventDate "1999.??.??"]

1. e4 Nf6 2. e5 Nd5 3. d4 d6 4. Nf3 Bg4 5. Be2 Nc6 6. O-O e6 7. c4 Bxf3 8. Bxf3
Nb6 9. exd6 cxd6 10. d5 Ne5 11. dxe6 fxe6 12. Bxb7 Rb8 13. Ba6 Qc7 14. Na3 d5
15. Nb5 Qf7 16. cxd5 Nxd5 17. Re1 Bc5 18. Rxe5 O-O 19. Nc3 Rbd8 20. Nxd5 Rxd5
21. Rxd5 Bxf2+ 22. Kh1 exd5 23. Bg5 h6 24. Bd2 Qf6 25. Bb7 Qxb2 26. Bxd5+ Kh8
27. Rc1 Qb5 28. Bc3 Be3 29. Bxg7+ Kxg7 30. Rc7+ Kg6 31. Be4+ Kg5 32. Rg7+ Kf4
33. Qg4+ Ke5 34. Re7+ Kd6 35. Qe6+ Kc5 36. Qd5+ Kb4 37. Qb3+ Kc5 38. Re5+ Kd4
39. Qxb5 Rf1+ 40. Qxf1 Kxe5 41. Qf5+ Kd6 42. Qd5+ Ke7 43. Bf5 Bg5 44. Qe6+ Kf8
45. Bg6 Kg7 46. Qf7+ Kh8 47. Qf8# {Hossa checkmated} 1-0

[Event "ICS Rated blitz match"]
[Site "204.178.125.65"]
[Date "1999.07.27"]
[Round "?"]
[White "Hossa"]
[Black "counterplay"]
[Result "0-1"]
[WhiteElo "2438"]
[BlackElo "2805"]
[PlyCount "112"]
[EventDate "1999.??.??"]

1. d4 Nf6 2. c4 e6 3. Nc3 Bb4 4. Bg5 h6 5. Bh4 c5 6. d5 Bxc3+ 7. bxc3 d6 8. f3
e5 9. e4 Nbd7 10. Bd3 Nf8 11. Ne2 g5 12. Bf2 Ng6 13. O-O g4 14. fxg4 Nxg4 15.
Rb1 Qg5 16. Qc1 Qxc1 17. Rbxc1 Nxf2 18. Rxf2 Bg4 19. Rf6 Ke7 20. Rf2 Bxe2 21.
Bxe2 Rag8 22. Kf1 h5 23. g3 h4 24. gxh4 Rxh4 25. Bf3 Nf4 26. Ra1 Rgh8 27. a4
Rxh2 28. Rxh2 Rxh2 29. Rb1 b6 30. a5 bxa5 31. Rb7+ Kf8 32. Rd7 Rc2 33. Rxa7
Rxc3 34. Kf2 Nh3+ 35. Kg2 Ng5 36. Be2 Nxe4 37. Bh5 f6 38. Rxa5 Rxc4 39. Ra8+
Kg7 40. Bg4 Rc2+ 41. Kf3 Nd2+ 42. Ke2 Nb3+ 43. Ke3 Rc3+ 44. Kf2 Rd3 45. Be6 Nd4
46. Rd8 e4 47. Rxd6 e3+ 48. Kg2 Rd2+ 49. Kg3 e2 50. Rd7+ Kh6 51. Kf2 Rd1 52.
Kg2 e1=Q 53. Rh7+ Kxh7 54. Bf5+ Nxf5 55. Kf3 Qg3+ 56. Ke4 56... Nd6# {
Hossa checkmated} 0-1

[Event "ICS rated blitz match"]
[Site "204.178.125.65"]
[Date "1999.07.27"]
[Round "?"]
[White "Beadle"]
[Black "Hossa"]
[Result "1/2-1/2"]
[WhiteElo "2591"]
[BlackElo "2435"]
[PlyCount "88"]
[EventDate "1999.??.??"]

1. d4 d5 2. c4 e6 3. Nc3 Nf6 4. Nf3 c6 5. Bg5 Nbd7 6. cxd5 exd5 7. e3 Be7 8.
Bd3 O-O 9. Qc2 Re8 10. O-O Nf8 11. Ne5 Bd6 12. Bxf6 Qxf6 13. f4 Qh4 14. Qa4 f6
15. g3 Qh3 16. Nxd5 Be6 17. Nb4 fxe5 18. fxe5 Be7 19. Rac1 a5 20. Nxc6 Bg5 21.
Rf3 Qg4 22. Rcf1 bxc6 23. Qxc6 Rec8 24. Qe4 Qh3 25. d5 Bg4 26. Rf7 Rab8 27. b3
Ng6 28. e6 Rf8 29. Qd4 Bf6 30. R1xf6 gxf6 31. Qxf6 Qh6 32. Kh1 Rbc8 33. Bc4 a4
34. d6 Rxc4 35. bxc4 Rb8 36. h4 Rb1+ 37. Kh2 Rd1 38. Qd8+ Nf8 39. e7 Rd2+ 40.
Kh1 Rd1+ 41. Kg2 Rd2+ 42. Kh1 Rd1+ 43. Kg2 Rd2+ 44. Kh1 44... Rd1+ {
Game drawn by repetition} 1/2-1/2

[Event "ICS rated blitz match"]
[Site "204.178.125.65"]
[Date "1999.07.27"]
[Round "?"]
[White "counterplay"]
[Black "Hossa"]
[Result "1-0"]
[WhiteElo "2808"]
[BlackElo "2442"]
[PlyCount "61"]
[EventDate "1999.??.??"]

1. e4 Nf6 2. e5 Nd5 3. d4 d6 4. Nf3 Bg4 5. Be2 Nc6 6. c4 Nb6 7. exd6 cxd6 8. d5
Ne5 9. Nxe5 Bxe2 10. Qxe2 dxe5 11. O-O Qc7 12. Na3 O-O-O 13. Be3 e6 14. Nb5 Qb8
15. dxe6 fxe6 16. Rad1 Rd7 17. Qg4 Re7 18. Bc5 Re8 19. Bxf8 Rhxf8 20. Nd6+ Kc7
21. Qxg7+ Kc6 22. Qxe5 a6 23. Qe4+ Kc7 24. Qd4 Qa7 25. Qe5 Kc6 26. Nxe8 Nxc4
27. Rd6+ Nxd6 28. Rc1+ Kd7 29. Qxd6+ Kxe8 30. Qxe6+ Kd8 31. Rc8# {
Hossa checkmated} 1-0

[Event "ICS rated blitz match"]
[Site "204.178.125.65"]
[Date "1999.07.27"]
[Round "?"]
[White "Hossa"]
[Black "Beadle"]
[Result "0-1"]
[WhiteElo "2439"]
[BlackElo "2586"]
[PlyCount "166"]
[EventDate "1999.??.??"]

1. d4 d5 2. c4 e6 3. Nc3 Nf6 4. cxd5 exd5 5. Bg5 c6 6. e3 Bd6 7. Bd3 h6 8. Bh4
O-O 9. Nge2 Re8 10. O-O Bxh2+ 11. Kh1 Bd6 12. Qc2 b6 13. a3 Kh8 14. Rac1 a5 15.
Bf5 Bxf5 16. Qxf5 Nbd7 17. Bxf6 Nxf6 18. Na4 Rc8 19. Nac3 Qd7 20. Qxd7 Nxd7 21.
Rc2 f5 22. Kg1 Rc7 23. Rfc1 Rb7 24. Na4 Nb8 25. Rf1 Re6 26. Rfc1 Kh7 27. Nac3
Nd7 28. Nd1 Rc7 29. Ndc3 Ra7 30. Na4 b5 31. Nac3 b4 32. Nb1 Rc7 33. axb4 axb4
34. Nd2 Kg8 35. Ra1 Kf7 36. Nb3 Nf6 37. Ra2 Ne4 38. Ra5 h5 39. Ra6 h4 40. Rc1
g6 41. Rc2 g5 42. Ra8 f4 43. exf4 gxf4 44. Rh8 Ng5 45. Rxh4 f3 46. Ng3 Bxg3 47.
fxg3 Re2 48. Rxe2 fxe2 49. Kf2 Re7 50. Ke1 Re3 51. Nc1 Ne6 52. Rg4 Kf6 53. Nxe2
Rb3 54. Nc1 Rxb2 55. Nd3 Rc2 56. Nxb4 Rc4 57. Nd3 Rxd4 58. Rxd4 Nxd4 59. Kf2
Ke7 60. g4 Ne6 61. g3 Kd6 62. Nf4 c5 63. Nxe6 Kxe6 64. Ke3 d4+ 65. Ke4 Kf6 66.
Kf4 c4 67. Ke4 c3 68. Kd3 Kg5 69. Ke2 c2 70. Kd2 d3 71. Kc1 Kxg4 72. Kb2 Kxg3
73. Kc1 Kf3 74. Kd2 Ke4 75. Kc1 Ke3 76. Kb2 Kd2 77. Ka3 c1=Q+ 78. Kb4 Qc6 79.
Ka5 Ke2 80. Kb4 d2 81. Kb3 d1=Q+ 82. Ka3 Qca4+ 83. Kb2 83... Qda1# {
Hossa checkmated} 0-1

[Event "ICS Rated blitz match"]
[Site "204.178.125.65"]
[Date "1999.07.27"]
[Round "?"]
[White "Hossa"]
[Black "Amateur"]
[Result "0-1"]
[WhiteElo "2429"]
[BlackElo "2491"]
[PlyCount "156"]
[EventDate "1999.??.??"]

1. d4 d5 2. c4 e6 3. Nc3 Nf6 4. cxd5 exd5 5. Bg5 Be7 6. e3 Nbd7 7. Bd3 h6 8.
Bh4 O-O 9. Nge2 Nb6 10. Qc2 Nh5 11. Bxe7 Qxe7 12. O-O Be6 13. Rae1 Rfe8 14. e4
c6 15. exd5 Nxd5 16. Ng3 Nxg3 17. fxg3 Nb4 18. Qb1 Nxd3 19. Qxd3 Qb4 20. b3 Bd7
21. Qc4 Qxc4 22. bxc4 a6 23. d5 b5 24. dxc6 Rxe1 25. Rxe1 Bxc6 26. Nd5 Bb7 27.
Nb6 Rd8 28. Re7 Bc6 29. Rc7 Be4 30. Re7 Rd1+ 31. Kf2 Bd3 32. cxb5 Bxb5 33. Kf3
Rd3+ 34. Re3 Rd6 35. Nc8 Rd2 36. a3 Bc6+ 37. Kg4 Kh7 38. Ne7 Bxg2 39. h4 g6 40.
Kf4 Kg7 41. g4 Rd4+ 42. Kg3 Be4 43. Rc3 g5 44. hxg5 hxg5 45. Kf2 Bb1 46. Rb3
Bh7 47. Kg3 Be4 48. Kf2 Kf6 49. Ke3 Ra4 50. Ng8+ Kg7 51. Rb4 Bc6 52. Rxa4 Bxa4
53. Ne7 Bd1 54. Nf5+ Kg6 55. Ne7+ Kf6 56. Nd5+ Ke5 57. Nc3 Bxg4 58. Ne4 f6 59.
a4 a5 60. Nc5 Kd5 61. Ne4 Bf5 62. Nxf6+ Ke5 63. Ng8 Bc2 64. Nh6 Ke6 65. Kf3
Bxa4 66. Kg4 Bd1+ 67. Kxg5 a4 68. Nf5 a3 69. Nd4+ Kd7 70. Kf5 a2 71. Kf4 a1=Q
72. Ke5 Bc2 73. Kf4 Qxd4+ 74. Kf3 Be4+ 75. Kg4 Qe5 76. Kh4 Qf4+ 77. Kh3 Qg5 78.
Kh2 78... Qg2# {Hossa checkmated} 0-1

[Event "ICS Rated blitz match"]
[Site "204.178.125.65"]
[Date "1999.07.27"]
[Round "?"]
[White "Pheona"]
[Black "Hossa"]
[Result "1-0"]
[WhiteElo "2585"]
[BlackElo "2416"]
[PlyCount "74"]
[EventDate "1999.??.??"]

1. e4 Nf6 2. e5 Nd5 3. d4 d6 4. Nf3 Bg4 5. c4 Nb6 6. exd6 cxd6 7. Be2 e6 8. O-O
Nc6 9. d5 Bxf3 10. Bxf3 Ne5 11. dxe6 fxe6 12. Bxb7 Rb8 13. Ba6 Qc7 14. Bb5+ Kf7
15. b3 d5 16. Re1 Bd6 17. Qh5+ g6 18. Qe2 Rbg8 19. Bb2 a6 20. Bxa6 Nbd7 21. Bb5
Re8 22. c5 Bxc5 23. Bxd7 Nxd7 24. Bxh8 Rxh8 25. Qxe6+ Kg7 26. Nc3 Rf8 27. Nxd5
Bxf2+ 28. Kh1 Qb7 29. Rec1 Nc5 30. Qe5+ Kh6 31. Ne3 Qe4 32. Qxc5 Kg7 33. Qc7+
Rf7 34. Qc3+ Kg8 35. Nc2 Rf4 36. a4 Qe6 37. b4 37... Qg4 {Hossa resigns} 1-0

[Event "ICS Rated blitz match"]
[Site "204.178.125.65"]
[Date "1999.07.27"]
[Round "?"]
[White "Amateur"]
[Black "Hossa"]
[Result "1-0"]
[WhiteElo "2504"]
[BlackElo "2407"]
[PlyCount "95"]
[EventDate "1999.??.??"]

1. Nf3 Nf6 2. d4 e6 3. Bf4 Be7 4. Nbd2 d5 5. g3 Nh5 6. Be3 c5 7. dxc5 O-O 8.
Nb3 a5 9. Bg2 a4 10. Nbd2 Nd7 11. c6 bxc6 12. O-O Nhf6 13. Nd4 Qc7 14. c4 Ng4
15. Bf4 Qb6 16. e3 Nge5 17. b3 axb3 18. Qxb3 Qxb3 19. axb3 Ba6 20. Ra4 c5 21.
Nb5 Bxb5 22. cxb5 Nd3 23. Bc7 Kh8 24. Rfa1 Rxa4 25. bxa4 Rc8 26. b6 Bf6 27. Rb1
Rg8 28. Bf1 c4 29. Bxd3 cxd3 30. b7 Bc3 31. Nf3 Nb8 32. Ng5 Rf8 33. Nxf7+ Kg8
34. Nd8 Be5 35. Bxe5 Rxd8 36. Bxb8 Rxb8 37. a5 d4 38. a6 dxe3 39. a7 Rf8 40.
fxe3 d2 41. b8=Q h6 42. Qd6 d1=Q+ 43. Qxd1 Kh7 44. Qc2+ Kg8 45. Qg6 Kh8 46. Rb8
Kg8 47. a8=Q h5 48. Rxf8# {Hossa checkmated} 1-0

[Event "ICS Rated blitz match"]
[Site "204.178.125.65"]
[Date "1999.07.27"]
[Round "?"]
[White "Hossa"]
[Black "bot"]
[Result "0-1"]
[WhiteElo "2395"]
[BlackElo "2793"]
[PlyCount "91"]
[EventDate "1999.??.??"]

1. d4 d5 2. c4 e6 3. Nc3 Nf6 4. cxd5 Nxd5 5. e4 Nxc3 6. bxc3 c5 7. Nf3 Be7 8.
Rb1 O-O 9. Bc4 cxd4 10. cxd4 Nd7 11. O-O Nb6 12. Bd3 Bd7 13. Qd2 Bc6 14. Bc2
Rc8 15. Qa5 Nc4 16. Qxd8 Rfxd8 17. Bd3 b5 18. g4 Bf6 19. Be3 g6 20. Rbc1 Bg7
21. Bg5 f6 22. Bh4 Nb2 23. Bc2 Bb7 24. Bb1 Nc4 25. Bg3 Bh6 26. Rcd1 Na3 27.
Rfe1 a6 28. Bh4 g5 29. Bg3 f5 30. gxf5 Nxb1 31. Rxb1 exf5 32. Be5 Bxe4 33. Rb3
g4 34. Nh4 Bd2 35. Rf1 Rc2 36. Ra3 a5 37. Bf6 Rd5 38. f3 gxf3 39. Nxf3 Bc1 40.
Rxa5 Rd6 41. Bh4 Be3+ 42. Kh1 Rxd4 43. Be1 Rd1 44. Rg1+ Bxg1 45. Kxg1 Bxf3 46.
Ra8+ {Hossa resigns} 0-1

[Event "ICS rated blitz match"]
[Site "204.178.125.65"]
[Date "1999.07.27"]
[Round "?"]
[White "mundilfari"]
[Black "Hossa"]
[Result "1-0"]
[WhiteElo "2673"]
[BlackElo "2392"]
[PlyCount "59"]
[EventDate "1999.??.??"]

1. e4 Nf6 2. Nc3 d5 3. exd5 Nxd5 4. d4 Nxc3 5. bxc3 Nc6 6. Nf3 Bg4 7. Bc4 e5 8.
h3 Bxf3 9. Qxf3 Qe7 10. O-O O-O-O 11. Re1 Qf6 12. Qh5 g6 13. dxe5 Qxf2+ 14.
Kxf2 gxh5 15. Bg5 Bc5+ 16. Kf3 Be7 17. Bxe7 Nxe7 18. Bxf7 Rhf8 19. e6 Rd2 20.
Re2 Rd6 21. Re4 Nd5 22. Kg3 Nxc3 23. Re3 h4+ 24. Kxh4 Rd4+ 25. g4 Nd5 26. e7
Nxe7 27. Rxe7 h6 28. Rae1 b6 29. Kh5 Rh8 30. Re8+ {Hossa resigns} 1-0

[Event "ICS rated blitz match"]
[Site "204.178.125.65"]
[Date "1999.07.27"]
[Round "?"]
[White "Hossa"]
[Black "topolino"]
[Result "1-0"]
[WhiteElo "2387"]
[BlackElo "2625"]
[PlyCount "87"]
[EventDate "1999.??.??"]

1. d4 Nf6 2. c4 e6 3. Nc3 Bb4 4. Bg5 h6 5. Bh4 c5 6. d5 b5 7. Qc2 bxc4 8. e4
exd5 9. exd5 Qe7+ 10. Kd1 Ba6 11. a3 Bxc3 12. Qxc3 Qd6 13. Kc2 Qxd5 14. Re1+
Kf8 15. Bxf6 Qf5+ 16. Kc1 Qf4+ 17. Re3 gxf6 18. g3 Qxf2 19. Nh3 Qf5 20. Bg2 d5
21. Rf1 Qd7 22. Bxd5 Qxd5 23. Qxf6 Rh7 24. Nf4 Qd7 25. Ng6+ Kg8 26. Ne7+ Kf8
27. Qg6 Qxe7 28. Rxe7 Kxe7 29. Qxh7 Bc8 30. Qe4+ Be6 31. Qxa8 Nd7 32. Qxa7 h5
33. Qc7 c3 34. bxc3 h4 35. gxh4 f6 36. h5 Kf7 37. h6 Bg4 38. Rf4 Bf5 39. Rxf5
Ke6 40. h7 Ne5 41. Rxf6+ Kxf6 42. h8=Q+ Kf5 43. Qcxe5+ Kg4 44. Qhh5# {
topolino checkmated} 1-0

[Event "ICS rated blitz match"]
[Site "204.178.125.65"]
[Date "1999.07.27"]
[Round "?"]
[White "topolino"]
[Black "Hossa"]
[Result "1-0"]
[WhiteElo "2599"]
[BlackElo "2413"]
[PlyCount "94"]
[EventDate "1999.??.??"]

1. e4 Nf6 2. e5 Nd5 3. c4 Nb6 4. d4 d6 5. f4 dxe5 6. fxe5 Bf5 7. Nc3 Nc6 8. Be3
e6 9. Nf3 Bg4 10. Qd2 Bxf3 11. gxf3 f6 12. f4 fxe5 13. fxe5 Bb4 14. O-O-O Na5
15. b3 O-O 16. d5 Nd7 17. dxe6 Nxe5 18. Qxd8 Raxd8 19. Rxd8 Rxd8 20. Nd5 Ba3+
21. Kc2 c6 22. Nf4 Bd6 23. Nd3 b6 24. Nxe5 Bxe5 25. c5 b5 26. Bg2 b4 27. Bd2
Rd4 28. e7 Rxd2+ 29. Kxd2 Bc3+ 30. Ke3 Kf7 31. Rd1 Kxe7 32. Bh3 Kf6 33. Rd7 a6
34. Ra7 Be5 35. Rxa6 Bc7 36. Ra7 Bd8 37. Ke4 g6 38. Rxh7 Be7 39. Kd4 g5 40. Bg4
Nb7 41. Rh6+ Kg7 42. Rxc6 Na5 43. Rc8 Bd8 44. Kd5 Be7 45. Ra8 Nb7 46. c6 Nd6
47. c7 47... Kh7 {Hossa resigns} 1-0

[Event "ICS Rated blitz match"]
[Site "204.178.125.65"]
[Date "1999.07.27"]
[Round "?"]
[White "Hossa"]
[Black "topolino"]
[Result "0-1"]
[WhiteElo "2405"]
[BlackElo "2607"]
[PlyCount "118"]
[EventDate "1999.??.??"]

1. d4 e6 2. c4 d5 3. cxd5 exd5 4. Nf3 Nf6 5. Nc3 Bb4 6. Bg5 Bxc3+ 7. bxc3 O-O
8. e3 c6 9. Bd3 Qa5 10. O-O Qxc3 11. Bxf6 gxf6 12. Qb1 h6 13. Bf5 Qxa1 14. Bh7+
Kg7 15. Qxa1 Kxh7 16. Qb1+ Kg8 17. Qb4 Re8 18. Qd6 Nd7 19. Qf4 Kg7 20. Qg4+ Kh8
21. Qh4 Kg7 22. Rc1 Nb6 23. Qh5 Nc4 24. Kh1 Re4 25. h3 Bd7 26. Rb1 b6 27. Ng1
Rh8 28. Ne2 Kf8 29. Ng3 Re6 30. Rb4 Rh7 31. Nf5 c5 32. Rb1 a6 33. Rf1 cxd4 34.
exd4 Re4 35. Kg1 Rf4 36. Nxh6 Rxd4 37. Rb1 Rd2 38. Re1 Be6 39. Ra1 Rg7 40. Qh4
Rg6 41. Kh1 Kg7 42. Nxf7 Bxf7 43. a4 Rc2 44. Kh2 Kg8 45. Qf4 Ne5 46. Qf5 Rc6
47. Re1 Rg5 48. Qf4 Rg6 49. Qf5 Be6 50. Qh5 Bg4 51. Qh4 Bf3 52. g4 Be4 53. Re3
d4 54. Ra3 d3 55. Qg3 Rc1 56. Qe3 Rh1+ 57. Kg3 Rg1+ 58. Kh4 Nf3+ 59. Qxf3 59...
Rh6# {Hossa checkmated} 0-1

[Event "ICS Rated blitz match"]
[Site "204.178.125.65"]
[Date "1999.07.27"]
[Round "?"]
[White "topolino"]
[Black "Hossa"]
[Result "1-0"]
[WhiteElo "2615"]
[BlackElo "2397"]
[PlyCount "88"]
[EventDate "1999.??.??"]

1. e4 b6 2. d4 Bb7 3. Bd3 e6 4. Nf3 d5 5. exd5 Qxd5 6. O-O Nc6 7. c4 Qd7 8. Be3
O-O-O 9. Nc3 Nf6 10. Nb5 a6 11. Nc3 Ng4 12. Be4 e5 13. Qc2 Kb8 14. dxe5 Nxe3
15. fxe3 Bc5 16. Qf2 Qg4 17. Bd5 Rhf8 18. Rad1 Rde8 19. Qe2 Qf4 20. Rde1 Nxe5
21. b4 Nxf3+ 22. Rxf3 Qe5 23. bxc5 Qxc3 24. c6 Ba8 25. Rxf7 Rxf7 26. Bxf7 Rf8
27. Bd5 Rf6 28. e4 Bxc6 29. e5 Qd4+ 30. Qe3 Qxe3+ 31. Rxe3 Rg6 32. Bxc6 Re6 33.
Bd5 Re7 34. Kf2 b5 35. cxb5 axb5 36. Bc6 b4 37. a3 Re6 38. Bd5 Re7 39. axb4 Ka7
40. e6 Kb6 41. Rf3 c6 42. Rf7 Re8 43. Bc4 c5 44. b5 44... Ka5 {Hossa resigns}
1-0

[Event "ICS Rated blitz match"]
[Site "204.178.125.65"]
[Date "1999.07.27"]
[Round "?"]
[White "Hossa"]
[Black "TDChess"]
[Result "0-1"]
[WhiteElo "2390"]
[BlackElo "2550"]
[PlyCount "84"]
[EventDate "1999.??.??"]

1. d4 Nf6 2. c4 e6 3. Nc3 Bb4 4. Bg5 c5 5. Bxf6 Qxf6 6. e3 cxd4 7. Qxd4 Bxc3+
8. bxc3 e5 9. Qe4 Na6 10. Rd1 Nc5 11. Qd5 Qe7 12. Be2 O-O 13. Nf3 Re8 14. O-O
a5 15. Rb1 Ra6 16. e4 d6 17. Qd2 Nxe4 18. Qc2 Nc5 19. Rfe1 Qf6 20. Rbd1 Bf5 21.
Qb2 a4 22. Qb4 a3 23. Rd5 Bd7 24. Red1 e4 25. Nd4 e3 26. Rf1 exf2+ 27. Rxf2 Qg6
28. Bh5 Re1+ 29. Rf1 Qe4 30. Bxf7+ Kh8 31. Nc2 Rxf1+ 32. Kxf1 Qf4+ 33. Ke1 Qc1+
34. Kf2 Qxc2+ 35. Kg3 Ra4 36. Qb6 Qxc3+ 37. Kf2 Ne4+ 38. Kf1 Qxc4+ 39. Ke1 Qc3+
40. Kf1 Qc1+ 41. Ke2 Bg4+ 42. Kd3 42... Qd2# {Hossa checkmated} 0-1

[Event "ICS Rated standard match"]
[Site "204.178.125.65"]
[Date "1999.07.27"]
[Round "?"]
[White "Hossa"]
[Black "bot"]
[Result "0-1"]
[WhiteElo "2229"]
[BlackElo "2612"]
[PlyCount "100"]
[EventDate "1999.??.??"]

1. d4 d5 2. c4 e6 3. Nc3 Nf6 4. cxd5 Nxd5 5. e4 Nxc3 6. bxc3 c5 7. Nf3 Be7 8.
Rb1 O-O 9. Bc4 cxd4 10. cxd4 Qc7 11. Bd3 Nc6 12. O-O Rd8 13. Bb2 Nb4 14. Rc1
Qb6 15. Ba3 Qa5 16. Bxb4 Bxb4 17. Bc4 Bd7 18. Ne5 Be8 19. Bb3 Qb6 20. d5 a5 21.
Nc4 Qc5 22. Ne3 Qe7 23. Qh5 a4 24. Bc2 Bd2 25. Rcd1 Bxe3 26. fxe3 exd5 27. exd5
Qxe3+ 28. Rf2 g6 29. Qe2 Qc5 30. Be4 a3 31. Qd2 Qd6 32. Qg5 b5 33. Re1 Ra6 34.
h3 f6 35. Qd2 Bf7 36. Rd1 Re8 37. Bf3 Rc8 38. Qh6 Ra4 39. Re2 Rac4 40. Bg4 Rc2
41. Qe3 R8c3 42. Qd4 Rc4 43. Qa7 Rc1 44. Ree1 Rxd1 45. Rxd1 Rc2 46. Qa8+ Kg7
47. Qa7 f5 48. Bf3 Rxa2 49. Rc1 Qe5 50. Qc5 50... Ra1 {Hossa resigns} 0-1

[Event "ICS Unrated blitz match"]
[Site "204.178.125.65"]
[Date "1999.07.27"]
[Round "?"]
[White "Hossa"]
[Black "Diepeveen"]
[Result "1-0"]
[WhiteElo "2381"]
[BlackElo "2413"]
[PlyCount "95"]
[EventDate "1999.??.??"]

1. d4 e6 2. c4 c6 3. Nc3 d5 4. cxd5 exd5 5. Nf3 Nf6 6. Bg5 Be7 7. e3 Bf5 8. Bd3
Bxd3 9. Qxd3 O-O 10. O-O Nbd7 11. Qf5 Re8 12. Rad1 Nf8 13. Bxf6 Bxf6 14. Rfe1
Qd7 15. Qxd7 Nxd7 16. e4 dxe4 17. Nxe4 Re6 18. Nxf6+ Nxf6 19. Rxe6 fxe6 20. Re1
Re8 21. a4 Nd5 22. b3 h6 23. h4 Nf4 24. a5 a6 25. g3 Ng6 26. Kg2 Nf8 27. g4 Rd8
28. b4 Rd5 29. Re5 Kf7 30. Kg3 Ke7 31. h5 Kd6 32. Re4 Rb5 33. Rf4 Ke7 34. Ne5
Rxb4 35. Rf7+ Ke8 36. Rxg7 Rxd4 37. Rxb7 Rd5 38. Nxc6 Nd7 39. Ra7 Nc5 40. f4
Rd3+ 41. Kh4 Rd1 42. Rh7 Rh1+ 43. Kg3 Rg1+ 44. Kf3 Rf1+ 45. Ke3 Rg1 46. Rh8+
Kf7 47. Rxh6 Rxg4 48. Ne5+ {Diepeveen resigns} 1-0

[Event "ICS Unrated blitz match"]
[Site "204.178.125.65"]
[Date "1999.07.27"]
[Round "?"]
[White "Diepeveen"]
[Black "Hossa"]
[Result "0-1"]
[WhiteElo "2413"]
[BlackElo "2381"]
[PlyCount "106"]
[EventDate "1999.??.??"]

1. e4 b6 2. d4 Bb7 3. Nc3 d5 4. exd5 Bxd5 5. Nxd5 Qxd5 6. Qf3 Qxf3 7. Nxf3 e6
8. Bb5+ c6 9. Bd3 Bb4+ 10. c3 Bd6 11. Bg5 f6 12. Bh4 Nd7 13. Bg3 Bxg3 14. hxg3
Nh6 15. O-O-O O-O 16. Bc4 Rfe8 17. Rhe1 Nf8 18. Re2 Ng4 19. Rde1 c5 20. d5 e5
21. d6+ Kh8 22. Rd1 Red8 23. Nh4 a6 24. Nf5 Ra7 25. Ne7 Rad7 26. Nc6 Ra8 27. f3
Nh6 28. a4 Nf5 29. g4 Nxd6 30. Bd5 Rc8 31. g5 Ne8 32. f4 Ng6 33. fxe5 Nf4 34.
Red2 Nxd5 35. Rxd5 Rxd5 36. Rxd5 Rxc6 37. Rd8 Re6 38. gxf6 Kg8 39. fxg7 Rxe5
40. Rb8 Re6 41. a5 bxa5 42. Rc8 Re1+ 43. Kc2 Re5 44. Rc6 Kxg7 45. Rxa6 Re2+ 46.
Kb3 Rxg2 47. Rxa5 Rg5 48. Ka4 Nf6 49. b4 Ne4 50. Ra7+ Kg6 51. b5 Nxc3+ 52. Ka5
c4 53. Rb7 53... Rxb5+ {Diepeveen resigns} 0-1

[Event "ICS Rated blitz match"]
[Site "204.178.125.65"]
[Date "1999.07.27"]
[Round "?"]
[White "Diepeveen"]
[Black "Hossa"]
[Result "1/2-1/2"]
[WhiteElo "2396"]
[BlackElo "2398"]
[PlyCount "105"]
[EventDate "1999.??.??"]

1. e4 b6 2. d4 Bb7 3. Nc3 e6 4. a3 d5 5. exd5 exd5 6. Nf3 Nd7 7. Bd3 Qe7+ 8.
Qe2 Qxe2+ 9. Nxe2 g6 10. O-O Be7 11. Bf4 O-O-O 12. Rfe1 Re8 13. c4 dxc4 14.
Bxc4 Bxf3 15. gxf3 g5 16. Bd2 f6 17. Rac1 Bd6 18. Nc3 Rxe1+ 19. Bxe1 Bf4 20.
Rc2 Ne7 21. Be6 f5 22. d5 Re8 23. Nb5 Nxd5 24. Nxa7+ Kb7 25. Bxd5+ Kxa7 26. Bc3
c5 27. Bc6 Re7 28. Bb5 h5 29. Re2 Rxe2 30. Bxe2 Ne5 31. Kg2 c4 32. Bxe5 Bxe5
33. Bxc4 Bxb2 34. a4 f4 35. h4 gxh4 36. Bf7 Bd4 37. Bxh5 Ka6 38. Be8 Ka5 39.
Bc6 Kb4 40. Kh3 Bxf2 41. Kg4 Bg3 42. Kh3 Kc3 43. Kg4 Kd3 44. Kh3 Ke2 45. Kg4
Kf2 46. Kh3 Ke3 47. Kg4 Ke2 48. Kh3 Kd3 49. Kg4 Kc3 50. Kh3 Kd2 51. Kg4 Ke1 52.
Kh3 Kf2 53. Bd5 {Game drawn by mutual agreement} 1/2-1/2

[Event "ICS Unrated blitz match"]
[Site "204.178.125.65"]
[Date "1999.07.27"]
[Round "?"]
[White "Hossa"]
[Black "Diepeveen"]
[Result "0-1"]
[WhiteElo "2398"]
[BlackElo "2396"]
[PlyCount "102"]
[EventDate "1999.??.??"]

1. d4 d5 2. c4 c6 3. Nc3 Nf6 4. cxd5 cxd5 5. f3 Nc6 6. e4 e6 7. e5 Nd7 8. f4 g6
9. Bb5 a6 10. Bxc6 bxc6 11. Nge2 c5 12. O-O a5 13. Be3 Ba6 14. Rc1 Bxe2 15.
Qxe2 c4 16. b3 Nb6 17. bxc4 Nxc4 18. Bf2 Be7 19. Qd3 O-O 20. Qh3 Rb8 21. Rcd1
Rb2 22. Rb1 Qd7 23. Rxb2 Nxb2 24. Rb1 Nc4 25. Qh6 Rc8 26. Rc1 Bf8 27. Qh3 a4
28. Bh4 Nd2 29. Rc2 Nb1 30. Qd3 Qc6 31. Be1 Bb4 32. Nxd5 Qxc2 33. Qxc2 Rxc2 34.
Nxb4 Rb2 35. g3 a3 36. g4 Re2 37. Kf1 Rxh2 38. Bf2 Rh1+ 39. Kg2 Rc1 40. f5 gxf5
41. gxf5 Rc4 42. Nd3 Rc2 43. fxe6 fxe6 44. d5 exd5 45. Nb4 Re2 46. Nxd5 Rxe5
47. Nb4 Re2 48. Kf3 Rb2 49. Be1 Nd2+ 50. Ke3 Rxb4 51. Bxd2 51... Rb2 {
Hossa resigns} 0-1